[Event "European Blitz Championship 2021"]
[Site "Katowice"]
[Date "2021.12.17"]
[Round "1.13"]
[White "Janik, Igor"]
[Black "Hasinski, Krystian"]
[Result "1-0"]
[WhiteElo "2508"]
[BlackElo "1714"]
[Annotator "ChessBase"]
[PlyCount "67"]
[EventDate "2021.12.17"]
[EventType "swiss"]
[EventCountry "POL"]
[SourceTitle "playchess.com"]
[Source "ChessBase"]
[SourceQuality "1"]

1. d4 c6 2. e4 g6 3. h4 Bg7 4. h5 d5 5. h6 Bf8 6. e5 f5 7. Nf3 e6 8. c4 b6 9.
Nc3 Qd7 10. Bg5 Bb4 11. Rc1 Ne7 12. Bf6 Rg8 13. Ng5 dxc4 14. Bxc4 Nd5 15. Bg7
Bxc3+ 16. bxc3 Ba6 17. Bxa6 Nxa6 18. Nxh7 O-O-O 19. Nf6 Nxf6 20. exf6 Qd5 21.
Qf3 Qxf3 22. gxf3 Rh8 23. h7 Kd7 24. Ke2 Ke8 25. Bxh8 Kf7 26. Bg7 c5 27. h8=Q
Rxh8 28. Rxh8 e5 29. d5 g5 30. Rch1 f4 31. Kd3 Nc7 32. Ke4 Ne8 33. Rf8+ Kg6 34.
Rh6# 1-0

[Event "European Blitz Championship 2021"]
[Site "Katowice"]
[Date "2021.12.17"]
[Round "1.13"]
[White "Piesik, Piotr"]
[Black "Kazmerika, Anna"]
[Result "1-0"]
[WhiteElo "2336"]
[BlackElo "1595"]
[Annotator "NA"]
[PlyCount "93"]
[EventDate "2021.12.17"]
[EventType "swiss"]
[EventCountry "POL"]
[SourceTitle "playchess.com"]
[Source "ChessBase"]
[SourceQuality "1"]

1. Nf3 d5 2. g3 Nf6 3. Bg2 Bg4 4. O-O c6 5. d3 Nbd7 6. Nbd2 e5 7. e4 Be7 8. h3
Bh5 9. Qe1 d4 10. Nh4 O-O 11. Nf5 Bc5 12. Nb3 Bb6 13. a4 a5 14. Bd2 Bg6 15. Nd6
Qc7 16. Nc4 Nh5 17. Nxb6 Qxb6 18. Bxa5 Qa7 19. Bd2 b6 20. f4 c5 21. f5 Nhf6 22.
fxg6 hxg6 23. Qe2 Qc7 24. a5 bxa5 25. Bxa5 Qc6 26. Ra3 Rfb8 27. Rfa1 Nb6 28.
Bxb6 Rxa3 29. Rxa3 Qxb6 30. Kh2 Qd6 31. Nd2 Rxb2 32. Nc4 Qb8 33. Nxb2 Qxb2 34.
Rb3 Qa2 35. Qd1 Kh7 36. Qb1 Qa7 37. Rb7 Qa5 38. Rxf7 Qd2 39. Qf1 Nh5 40. Qf2
Qg5 41. h4 Qg4 42. Bf3 Qc8 43. Bxh5 gxh5 44. Qf3 Qa6 45. Qxh5+ Kg8 46. Re7 Qb5
47. Re8+ 1-0

[Event "European Blitz Championship 2021"]
[Site "Katowice"]
[Date "2021.12.17"]
[Round "1.14"]
[White "Krawczyk, Flawian"]
[Black "Gretarsson, Helgi Ass"]
[Result "1-0"]
[WhiteElo "2154"]
[BlackElo "2476"]
[Annotator "ChessBase"]
[PlyCount "36"]
[EventDate "2021.12.17"]
[EventType "swiss"]
[EventCountry "POL"]
[SourceTitle "playchess.com"]
[Source "ChessBase"]
[SourceQuality "1"]

1. d4 Nf6 2. c4 g6 3. Nc3 Bg7 4. e4 d6 5. f4 O-O 6. Nf3 c5 7. dxc5 Qa5 8. Bd3
Qxc5 9. Qe2 Nc6 10. Be3 Qa5 11. O-O Bg4 12. Rac1 Rfc8 13. h3 Bxf3 14. Qxf3 Nd7
15. Qf2 Nc5 16. Bb1 e5 17. f5 f6 18. Nd5 Nd7 1-0

[Event "European Blitz Championship 2021"]
[Site "Katowice"]
[Date "2021.12.17"]
[Round "1.15"]
[White "Bernadskiy, Vitaliy"]
[Black "Katolik, Kamil"]
[Result "1-0"]
[WhiteElo "2592"]
[BlackElo "1751"]
[Annotator "TA"]
[PlyCount "77"]
[EventDate "2021.12.17"]
[EventType "swiss"]
[EventCountry "POL"]
[SourceTitle "playchess.com"]
[Source "ChessBase"]
[SourceQuality "1"]

1. e4 d5 2. exd5 Nf6 3. d4 Nxd5 4. Nf3 Bg4 5. Be2 e6 6. c4 Nb6 7. O-O Be7 8. h3
Bxf3 9. Bxf3 c6 10. b3 Bf6 11. Bb2 O-O 12. Na3 N8d7 13. Re1 Rc8 14. Be4 Qe7 15.
Nc2 a5 16. Ba3 Qe8 17. Bxf8 Nxf8 18. Qh5 Rd8 19. Qxa5 Nc8 20. Rad1 Nd6 21. Bd3
Qd7 22. Qd2 Ra8 23. a4 Rd8 24. a5 Ng6 25. b4 Ne8 26. b5 cxb5 27. cxb5 Nc7 28.
a6 bxa6 29. bxa6 Ra8 30. Be4 Nd5 31. Nb4 Nge7 32. Nxd5 Nxd5 33. Ra1 Qb5 34. Qd3
Qb6 35. Bxd5 exd5 36. a7 g6 37. Reb1 Qc7 38. Qf3 Bxd4 39. Qxd5 1-0

[Event "European Blitz Championship 2021"]
[Site "Katowice"]
[Date "2021.12.17"]
[Round "1.15"]
[White "Ortega Ruiz, Jose Miguel"]
[Black "Gorski, Wawrzyniec"]
[Result "1-0"]
[WhiteElo "2317"]
[BlackElo "1588"]
[Annotator "ChessBase"]
[PlyCount "71"]
[EventDate "2021.12.17"]
[EventType "swiss"]
[EventCountry "POL"]
[SourceTitle "playchess.com"]
[Source "ChessBase"]
[SourceQuality "1"]

1. d4 d5 2. c4 c6 3. Nf3 e6 4. e3 Bd6 5. Bd3 Nd7 6. Nc3 Ngf6 7. O-O O-O 8. e4
dxe4 9. Nxe4 Be7 10. Qe2 Nxe4 11. Bxe4 Nf6 12. Bc2 Qa5 13. Ne5 Bd6 14. Rd1 Bxe5
15. dxe5 Nd7 16. Bf4 b5 17. Qe4 g6 18. Qxc6 Rb8 19. c5 Qd8 20. Rd6 Rb7 21. Rad1
Rc7 22. Qxb5 Qe7 23. b4 Re8 24. g3 Nf8 25. Bg5 Qxg5 26. Qxe8 Bb7 27. c6 Ba6 28.
Rd8 Qh6 29. a4 Bc4 30. b5 Bd5 31. R8xd5 exd5 32. a5 Kg7 33. b6 axb6 34. axb6
Ne6 35. bxc7 Nxc7 36. Qd7 1-0

[Event "European Blitz Championship 2021"]
[Site "Katowice"]
[Date "2021.12.17"]
[Round "1.16"]
[White "Malinowski, Szymon"]
[Black "Donchenko, Alexander"]
[Result "0-1"]
[WhiteElo "1601"]
[BlackElo "2645"]
[Annotator "TA"]
[PlyCount "98"]
[EventDate "2021.12.17"]
[EventType "swiss"]
[EventCountry "POL"]
[SourceTitle "playchess.com"]
[Source "ChessBase"]
[SourceQuality "1"]

1. d4 Nf6 2. Nf3 e6 3. Bg5 c5 4. c3 h6 5. Bh4 Nc6 6. e3 Be7 7. Nbd2 d5 8. Bd3
Qb6 9. Rb1 g5 10. Bg3 Nh5 11. Be5 Rg8 12. g4 Nf6 13. h3 Nxe5 14. Nxe5 Nd7 15.
Qa4 f6 16. Nef3 Kf7 17. O-O Nf8 18. e4 Bd7 19. Qc2 c4 20. Be2 Ng6 21. exd5 exd5
22. Rfe1 Qc7 23. b3 b5 24. bxc4 bxc4 25. Bf1 Rae8 26. Bg2 Kg7 27. a3 Nf4 28.
Bf1 Bxa3 29. Rxe8 Rxe8 30. Ra1 Bd6 31. Qa2 Ra8 32. Qa6 Qc6 33. Qa5 h5 34. gxh5
Nxh5 35. Qa6 Qxa6 36. Rxa6 Bc7 37. Bg2 Nf4 38. Bf1 Bb5 39. Ra1 a5 40. Nb1 a4
41. Na3 Bd7 42. Nd2 Rb8 43. Nc2 Rb2 44. Rc1 Nd3 45. Bxd3 cxd3 46. Nb4 Rxd2 47.
c4 dxc4 48. Rxc4 Bd6 49. Nd5 Rc2 0-1

[Event "European Blitz Championship 2021"]
[Site "Katowice"]
[Date "2021.12.17"]
[Round "1.17"]
[White "Jagodzinski, Piotr"]
[Black "Czuprynski, Janusz"]
[Result "1-0"]
[WhiteElo "2298"]
[BlackElo "1587"]
[Annotator "NA"]
[PlyCount "51"]
[EventDate "2021.12.17"]
[EventType "swiss"]
[EventCountry "POL"]
[SourceTitle "playchess.com"]
[Source "ChessBase"]
[SourceQuality "1"]

1. Nf3 e6 2. b3 d5 3. Bb2 Nf6 4. e3 Bd6 5. d4 Nbd7 6. Bd3 h6 7. O-O O-O 8. c4
c6 9. Nc3 Re8 10. Qc2 Nf8 11. Rad1 a6 12. Rfe1 b5 13. Ne5 Qc7 14. f4 Bb7 15. c5
Be7 16. Ne2 N8h7 17. h3 Qd8 18. Kh1 Rf8 19. Ng1 g6 20. Ngf3 Kg7 21. Rg1 Ne4 22.
Bxe4 dxe4 23. Qxe4 Nf6 24. Qc2 Nd5 25. Bc1 f6 26. Qxg6+ 1-0

[Event "European Blitz Championship 2021"]
[Site "Katowice"]
[Date "2021.12.17"]
[Round "1.18"]
[White "Pyclik, Blazej"]
[Black "Kalogeris, Ioannis"]
[Result "0-1"]
[WhiteElo "1587"]
[BlackElo "2287"]
[Annotator "ChessBase"]
[PlyCount "64"]
[EventDate "2021.12.17"]
[EventType "swiss"]
[EventCountry "POL"]
[SourceTitle "playchess.com"]
[Source "ChessBase"]
[SourceQuality "1"]

1. c4 Nf6 2. g3 c6 3. Bg2 d5 4. b3 dxc4 5. bxc4 Qd4 6. Nc3 Qxc4 7. Nf3 Nbd7 8.
O-O e5 9. Qc2 h6 10. d3 Qe6 11. a4 Bc5 12. Ba3 Bxa3 13. Rxa3 O-O 14. Rb1 b6 15.
Nd2 Nd5 16. Nce4 f5 17. Nc3 N7f6 18. e4 Ne7 19. exf5 Nxf5 20. Nce4 Nd4 21. Qc4
Nd5 22. Nb3 Nf3+ 23. Kh1 Bd7 24. Rc1 Qg4 25. h3 Qh5 26. h4 g5 27. Nbd2 gxh4 28.
Nxf3 Rxf3 29. Bxf3 Qxf3+ 30. Kg1 h3 31. Kf1 Bg4 32. Nd6 Qh1# 0-1

[Event "European Blitz Championship 2021"]
[Site "Katowice"]
[Date "2021.12.17"]
[Round "1.19"]
[White "Mirzoev, Emil"]
[Black "Zieba, Robert"]
[Result "1-0"]
[WhiteElo "2474"]
[BlackElo "1657"]
[Annotator "ChessBase"]
[PlyCount "61"]
[EventDate "2021.12.17"]
[EventType "swiss"]
[EventCountry "POL"]
[SourceTitle "playchess.com"]
[Source "ChessBase"]
[SourceQuality "1"]

1. Nf3 Nf6 2. g3 g6 3. Bg2 Bg7 4. O-O O-O 5. c4 h6 6. Nc3 d6 7. d4 c5 8. d5 b5
9. Nxb5 a6 10. Nc3 Bb7 11. e4 Nbd7 12. Qc2 Kh7 13. Re1 Ng4 14. h3 Nge5 15. Nd2
Nb6 16. b3 a5 17. a4 Bc8 18. Bb2 Rb8 19. Kh2 f5 20. f4 Nf7 21. Nb5 Bd7 22. e5
e6 23. dxe6 Bxe6 24. exd6 Bd7 25. Bxg7 Kxg7 26. Qc3+ Kh7 27. Nf3 Bxb5 28. axb5
Nxd6 29. Rxa5 Rb7 30. Ne5 Re7 31. Nc6 1-0

[Event "European Blitz Championship 2021"]
[Site "Katowice"]
[Date "2021.12.17"]
[Round "1.19"]
[White "Szpar, Milosz"]
[Black "Barwinska, Ewa"]
[Result "1-0"]
[WhiteElo "2285"]
[BlackElo "1581"]
[Annotator "ChessBase"]
[PlyCount "101"]
[EventDate "2021.12.17"]
[EventType "swiss"]
[EventCountry "POL"]
[SourceTitle "playchess.com"]
[Source "ChessBase"]
[SourceQuality "1"]

1. e4 c5 2. Nf3 d6 3. d4 cxd4 4. Qxd4 Nc6 5. Bb5 a6 6. Bxc6+ bxc6 7. O-O e5 8.
Qa4 Qc7 9. c4 Nf6 10. Nc3 Be7 11. h3 O-O 12. Bg5 Be6 13. Rac1 Rab8 14. b3 a5
15. Rfd1 Rb4 16. Qa3 Rfb8 17. Bd2 R4b7 18. Nd5 Bxd5 19. cxd5 c5 20. Rc4 Rb5 21.
Ra4 Rb4 22. Bxb4 cxb4 23. Qc1 Qa7 24. Qc4 Nd7 25. Rc1 Nc5 26. Rc2 h6 27. g3 Kh7
28. Kg2 Bf6 29. Ne1 Nxa4 30. bxa4 Qd4 31. Qc7 Qb6 32. Qxf7 Rb7 33. Qe8 Rb8 34.
Qd7 Qd4 35. Qf5+ Kh8 36. Rc8+ Rxc8 37. Qxc8+ Kh7 38. Qc2 Bg5 39. Nf3 Qc3 40.
Qb3 Bc1 41. Nh4 Bd2 42. Nf5 Qc5 43. Qf3 Bg5 44. h4 Bf6 45. g4 Qc2 46. Nxd6 Qxa2
47. g5 hxg5 48. hxg5 Bxg5 49. Qf5+ Kg8 50. Qxg5 b3 51. Nf5 1-0

[Event "European Blitz Championship 2021"]
[Site "Katowice"]
[Date "2021.12.17"]
[Round "1.20"]
[White "Madej, Marek"]
[Black "Plat, Vojtech"]
[Result "0-1"]
[WhiteElo "2017"]
[BlackElo "2548"]
[Annotator "RC"]
[PlyCount "90"]
[EventDate "2021.12.17"]
[EventType "swiss"]
[EventCountry "POL"]
[SourceTitle "playchess.com"]
[Source "ChessBase"]
[SourceQuality "1"]

1. e4 c5 2. Nf3 Nc6 3. d4 cxd4 4. Nxd4 g6 5. c4 Bg7 6. Be3 Qb6 7. Nb3 Qc7 8.
Nc3 Bxc3+ 9. bxc3 Nf6 10. f3 d6 11. Be2 b6 12. O-O Ne5 13. Nd2 Be6 14. f4 Nc6
15. Bd4 Rc8 16. Qe1 O-O 17. Qh4 Nxd4 18. cxd4 b5 19. Rfc1 bxc4 20. Bxc4 Bxc4
21. Rxc4 Qb6 22. Rac1 Rxc4 23. Rxc4 Nxe4 24. Nxe4 Qb1+ 25. Kf2 Qxa2+ 26. Nd2
Qxd2+ 27. Kg1 Qd3 28. Rc7 Qd1+ 29. Kf2 Qxd4+ 30. Kg3 Qe3+ 31. Kg4 h5+ 32. Kg5
Kg7 33. Qg3 Qxg3+ 34. hxg3 Ra8 35. Rxe7 a5 36. Rd7 Ra6 37. f5 gxf5 38. Kxf5 a4
39. Rc7 a3 40. Rc1 a2 41. Ra1 Ra5+ 42. Ke4 Kg6 43. Kf3 Kg5 44. Ke3 Kg4 45. Kf2
f5 0-1

[Event "European Blitz Championship 2021"]
[Site "Katowice"]
[Date "2021.12.17"]
[Round "1.20"]
[White "Sowa, Robert"]
[Black "Grabarczyk, Miroslaw"]
[Result "0-1"]
[WhiteElo "1577"]
[BlackElo "2279"]
[Annotator "NA"]
[PlyCount "56"]
[EventDate "2021.12.17"]
[EventType "swiss"]
[EventCountry "POL"]
[SourceTitle "playchess.com"]
[Source "ChessBase"]
[SourceQuality "1"]

1. d4 d5 2. Bf4 Nf6 3. e3 e6 4. Nd2 Bd6 5. Bg3 c5 6. c3 Nc6 7. Ngf3 Qe7 8. Ne5
Nd7 9. Bb5 Ndxe5 10. dxe5 Bc7 11. Nf3 Bd7 12. O-O a6 13. Bd3 g5 14. e4 dxe4 15.
Bxe4 h5 16. Qd2 h4 17. Nxg5 hxg3 18. fxg3 Nxe5 19. Rad1 O-O-O 20. Nf3 Bb5 21.
Qe3 Bxf1 22. Rxf1 Nxf3+ 23. Bxf3 f6 24. Qe4 Be5 25. b4 cxb4 26. cxb4 Rd4 27.
Rc1+ Kb8 28. Qe3 Qxb4 0-1

[Event "European Blitz Championship 2021"]
[Site "Katowice"]
[Date "2021.12.17"]
[Round "1.21"]
[White "Klekowski, Maciej"]
[Black "Tribushnaya, Olga"]
[Result "1-0"]
[WhiteElo "2499"]
[BlackElo "1685"]
[Annotator "ChessBase"]
[PlyCount "67"]
[EventDate "2021.12.17"]
[EventType "swiss"]
[EventCountry "POL"]
[SourceTitle "playchess.com"]
[Source "ChessBase"]
[SourceQuality "1"]

1. c4 e6 2. Nf3 d5 3. b3 Nf6 4. Bb2 c5 5. cxd5 exd5 6. d4 cxd4 7. Bxd4 Nc6 8.
e3 Nxd4 9. Qxd4 Be7 10. Bb5+ Bd7 11. Bxd7+ Qxd7 12. O-O O-O 13. Nc3 Rfd8 14.
Rfd1 h6 15. Rac1 a6 16. Na4 Qe6 17. Nb6 Rab8 18. a4 a5 19. Rc7 Rd6 20. Rdc1
Rxb6 21. Rxe7 Qd6 22. Rcc7 Rc6 23. Qe5 Qxe5 24. Nxe5 Rxc7 25. Rxc7 b5 26. Nc6
Rb6 27. f3 bxa4 28. bxa4 Ne8 29. Rc8 Kf8 30. Nxa5 Rb1+ 31. Kf2 Rb2+ 32. Kg3 Ra2
33. Nb7 g6 34. Nd6 1-0

[Event "European Blitz Championship 2021"]
[Site "Katowice"]
[Date "2021.12.17"]
[Round "1.22"]
[White "Zabron, Maksym"]
[Black "Kowalski, Igor"]
[Result "0-1"]
[WhiteElo "1572"]
[BlackElo "2276"]
[Annotator "NA"]
[PlyCount "72"]
[EventDate "2021.12.17"]
[EventType "swiss"]
[EventCountry "POL"]
[SourceTitle "playchess.com"]
[Source "ChessBase"]
[SourceQuality "1"]

1. d4 Nf6 2. c4 g6 3. Nc3 Bg7 4. e4 d6 5. f4 O-O 6. Nf3 c5 7. d5 e6 8. dxe6
Bxe6 9. Bd3 Nc6 10. O-O Re8 11. f5 Bc8 12. Bg5 h6 13. Bxf6 Bxf6 14. fxg6 fxg6
15. e5 dxe5 16. Bxg6 Qxd1 17. Raxd1 Rf8 18. Ne4 Be7 19. Nfd2 Be6 20. b3 Kg7 21.
Bh5 a5 22. h3 a4 23. Rxf8 Bxf8 24. Nf3 axb3 25. axb3 Ra3 26. Rd3 Be7 27. Be8
Bxc4 28. Rc3 Bd5 29. Nxc5 e4 30. Bxc6 bxc6 31. Nd4 Bf6 32. Nce6+ Kf7 33. Rc1
Bxe6 34. Nxe6 Kxe6 35. Rxc6+ Kf7 36. Rb6 Bd4+ 0-1

[Event "European Blitz Championship 2021"]
[Site "Katowice"]
[Date "2021.12.17"]
[Round "1.23"]
[White "Teclaf, Pawel"]
[Black "Wojtyla, Tymoteusz"]
[Result "1-0"]
[WhiteElo "2543"]
[BlackElo "1649"]
[Annotator "RC"]
[PlyCount "37"]
[EventDate "2021.12.17"]
[EventType "swiss"]
[EventCountry "POL"]
[SourceTitle "playchess.com"]
[Source "ChessBase"]
[SourceQuality "1"]

1. Nf3 Nf6 2. g3 e6 3. Bg2 d5 4. b3 Be7 5. Bb2 O-O 6. c4 c5 7. O-O d4 8. e3
dxe3 9. dxe3 Qxd1 10. Rxd1 Rd8 11. Nc3 Nc6 12. Rxd8+ Bxd8 13. Rd1 Bc7 14. Nb5
Ba5 15. Ne5 Nxe5 16. Bc3 Bd7 17. Bxa5 Bxb5 18. cxb5 b6 19. Bxa8 1-0

[Event "European Blitz Championship 2021"]
[Site "Katowice"]
[Date "2021.12.17"]
[Round "1.23"]
[White "Kozak, Antoni"]
[Black "Rejniak, Zuzanna"]
[Result "1-0"]
[WhiteElo "2272"]
[BlackElo "1571"]
[Annotator "NA"]
[PlyCount "77"]
[EventDate "2021.12.17"]
[EventType "swiss"]
[EventCountry "POL"]
[SourceTitle "playchess.com"]
[Source "ChessBase"]
[SourceQuality "1"]

1. d4 Nf6 2. Nf3 g6 3. c4 Bg7 4. h3 O-O 5. Nc3 d5 6. cxd5 Nxd5 7. e3 c5 8. Bc4
Nb6 9. Bb3 cxd4 10. exd4 Nc6 11. Be3 Bf5 12. O-O Nb4 13. d5 Bd3 14. Re1 Bc4 15.
Bxb6 Bxb3 16. Bxd8 Bxd1 17. Bxe7 Bxf3 18. Bxb4 Bxc3 19. bxc3 Bxd5 20. Bxf8 Rxf8
21. Rad1 Bxa2 22. Ra1 Bc4 23. Rxa7 b5 24. Rae7 Kg7 25. Re8 Rxe8 26. Rxe8 f5 27.
Re7+ Kf6 28. Rxh7 Bf7 29. Rh4 g5 30. Rb4 Bc4 31. g3 Ke5 32. f3 g4 33. fxg4 fxg4
34. h4 Ke4 35. h5 Kd3 36. h6 Bg8 37. Rxb5 Kxc3 38. Rb7 Kd3 39. h7 1-0

[Event "European Blitz Championship 2021"]
[Site "Katowice"]
[Date "2021.12.17"]
[Round "1.24"]
[White "Wilk, Igor"]
[Black "Blohberger, Felix"]
[Result "0-1"]
[WhiteElo "1712"]
[BlackElo "2490"]
[Annotator "ChessBase"]
[PlyCount "74"]
[EventDate "2021.12.17"]
[EventType "swiss"]
[EventCountry "POL"]
[SourceTitle "playchess.com"]
[Source "ChessBase"]
[SourceQuality "1"]

1. e4 c5 2. Nf3 d6 3. d4 cxd4 4. Nxd4 Nf6 5. Nc3 a6 6. Be2 e6 7. O-O Be7 8. Be3
Qc7 9. f4 b5 10. Bf3 Bb7 11. a3 O-O 12. Qe1 Nbd7 13. Qg3 Nc5 14. e5 dxe5 15.
fxe5 Nfe4 16. Nxe4 Nxe4 17. Bxe4 Bxe4 18. Rf2 Bg6 19. Rd1 Rad8 20. Rfd2 Rd5 21.
Nf3 Rxd2 22. Rxd2 Bxc2 23. Nd4 Bg6 24. Nb3 a5 25. Qf4 h6 26. h3 Rc8 27. Qd4 a4
28. Na1 Rd8 29. Qf4 Rxd2 30. Bxd2 Bg5 31. Qd4 Bxd2 32. Qxd2 Qxe5 33. Nc2 Qxb2
34. Qd8+ Kh7 35. Ne3 Qxa3 36. Ng4 b4 37. Ne5 Qa1+ 0-1

[Event "European Blitz Championship 2021"]
[Site "Katowice"]
[Date "2021.12.17"]
[Round "1.24"]
[White "Krzyzosiak, Anna"]
[Black "Kulon, Klaudia"]
[Result "0-1"]
[WhiteElo "1571"]
[BlackElo "2265"]
[Annotator "NA"]
[PlyCount "66"]
[EventDate "2021.12.17"]
[EventType "swiss"]
[EventCountry "POL"]
[SourceTitle "playchess.com"]
[Source "ChessBase"]
[SourceQuality "1"]

1. e4 e5 2. Nf3 Nc6 3. Bc4 Nf6 4. d3 h6 5. c3 d6 6. O-O g6 7. h3 Bg7 8. Be3 O-O
9. Nbd2 Na5 10. Bb5 a6 11. Ba4 b5 12. Bc2 c5 13. d4 Qe7 14. Re1 Nh5 15. dxc5
dxc5 16. b3 Bb7 17. Nf1 Nf4 18. Ng3 b4 19. cxb4 cxb4 20. Ne2 Rfd8 21. Qc1 Rac8
22. Nxf4 exf4 23. Bxf4 Bxa1 24. Qxa1 Rxc2 25. Bxh6 f6 26. Bf4 Qc5 27. Be3 Qc3
28. Qxc3 bxc3 29. e5 Bxf3 30. gxf3 Nc6 31. exf6 Rxa2 32. Rc1 c2 33. Kg2 Rd1 0-1

[Event "European Blitz Championship 2021"]
[Site "Katowice"]
[Date "2021.12.17"]
[Round "1.25"]
[White "Wieczorek, Oskar"]
[Black "Jaszczuk, Piotr"]
[Result "1-0"]
[WhiteElo "2258"]
[BlackElo "1569"]
[Annotator "NA"]
[PlyCount "39"]
[EventDate "2021.12.17"]
[EventType "swiss"]
[EventCountry "POL"]
[SourceTitle "playchess.com"]
[Source "ChessBase"]
[SourceQuality "1"]

1. e4 c5 2. Nf3 e6 3. g3 Qc7 4. Bg2 Nf6 5. Nc3 a6 6. O-O h5 7. Re1 Ng4 8. h3
Nf6 9. e5 Nd5 10. Nxd5 exd5 11. d4 c4 12. Bf4 Qb6 13. Ng5 Be7 14. Bxd5 Bxg5 15.
Bxg5 Qxb2 16. Rb1 Qxa2 17. Qf3 Rf8 18. Bxb7 Bxb7 19. Qxb7 Qxc2 20. Qc8# 1-0

[Event "European Blitz Championship 2021"]
[Site "Katowice"]
[Date "2021.12.17"]
[Round "1.26"]
[White "Sadzikowski, Marian"]
[Black "Gerasimenyk, Mikhail"]
[Result "0-1"]
[WhiteElo "1566"]
[BlackElo "2258"]
[Annotator "NA"]
[PlyCount "46"]
[EventDate "2021.12.17"]
[EventType "swiss"]
[EventCountry "POL"]
[SourceTitle "playchess.com"]
[Source "ChessBase"]
[SourceQuality "1"]

1. e4 d5 2. e5 c5 3. Bb5+ Nc6 4. f4 h5 5. Nf3 Nh6 6. O-O Bg4 7. Bxc6+ bxc6 8.
h3 Nf5 9. hxg4 hxg4 10. Ng5 g3 11. Qg4 e6 12. Nxe6 fxe6 13. Qg6+ Kd7 14. Qf7+
Be7 15. Rf3 Rh1+ 16. Kxh1 Qh8+ 17. Kg1 Qh2+ 18. Kf1 Qh1+ 19. Ke2 Qxg2+ 20. Ke1
Qxf3 21. d3 Qf2+ 22. Kd1 Rh8 23. Bd2 Rh1+ 0-1

[Event "European Blitz Championship 2021"]
[Site "Katowice"]
[Date "2021.12.17"]
[Round "1.27"]
[White "Vetoshko, Volodymyr"]
[Black "Wnek, Filip"]
[Result "1-0"]
[WhiteElo "2525"]
[BlackElo "1873"]
[Annotator "ChessBase"]
[PlyCount "45"]
[EventDate "2021.12.17"]
[EventType "swiss"]
[EventCountry "POL"]
[SourceTitle "playchess.com"]
[Source "ChessBase"]
[SourceQuality "1"]

1. e4 c5 2. Nf3 d6 3. d4 cxd4 4. Nxd4 Nf6 5. Nc3 a6 6. Be2 e6 7. Be3 Be7 8. f4
O-O 9. g4 Ne8 10. g5 Nc6 11. Qd2 Nxd4 12. Bxd4 b5 13. a3 Bb7 14. O-O-O f5 15.
exf5 exf5 16. Rhf1 Qa5 17. Kb1 Kh8 18. h4 Nc7 19. h5 Ne6 20. h6 Rac8 21. hxg7+
Kg8 22. gxf8=Q+ Rxf8 23. Nd5 1-0

[Event "European Blitz Championship 2021"]
[Site "Katowice"]
[Date "2021.12.17"]
[Round "1.27"]
[White "Kowalczyk, Rafal"]
[Black "Zalega, Maciej"]
[Result "1-0"]
[WhiteElo "2252"]
[BlackElo "1566"]
[Annotator "ChessBase"]
[PlyCount "30"]
[EventDate "2021.12.17"]
[EventType "swiss"]
[EventCountry "POL"]
[SourceTitle "playchess.com"]
[Source "ChessBase"]
[SourceQuality "1"]

1. d3 Nf6 2. Bg5 e6 3. e4 h6 4. Bxf6 Qxf6 5. Nf3 g6 6. Nc3 Bg7 7. Be2 O-O 8. h4
h5 9. e5 Qe7 10. g4 hxg4 11. Ng5 d6 12. f4 gxf3 13. Nxf3 dxe5 14. d4 Nc6 15.
dxe5 Qb4 1-0

[Event "European Blitz Championship 2021"]
[Site "Katowice"]
[Date "2021.12.17"]
[Round "1.28"]
[White "Kalkowski, Igor"]
[Black "Reimanis, Ritvars"]
[Result "1-0"]
[WhiteElo "1839"]
[BlackElo "2397"]
[Annotator "ChessBase"]
[PlyCount "110"]
[EventDate "2021.12.17"]
[EventType "swiss"]
[EventCountry "POL"]
[SourceTitle "playchess.com"]
[Source "ChessBase"]
[SourceQuality "1"]

1. e4 c5 2. Nf3 Nc6 3. d4 cxd4 4. Nxd4 Nf6 5. Nc3 d6 6. h3 e5 7. Nde2 Be6 8. g4
d5 9. exd5 Nxd5 10. Bg2 Nxc3 11. Qxd8+ Rxd8 12. bxc3 Bc4 13. Be3 h5 14. gxh5
Rxh5 15. Ng3 Rh8 16. Rb1 Ba6 17. Bxc6+ bxc6 18. Bxa7 Bc4 19. a4 Bd5 20. Rh2 Ra8
21. Rb8+ Rxb8 22. Bxb8 f6 23. a5 Rh4 24. Nf5 Ra4 25. Bc7 Kd7 26. Bb6 Be4 27.
Ne3 Bd6 28. c4 Bb4+ 29. Ke2 Bxa5 30. Bxa5 Rxa5 31. h4 f5 32. f3 f4 33. fxe4
fxe3 34. Kxe3 Ra3+ 35. Kd2 Rg3 36. h5 Rg4 37. Kd3 Rg3+ 38. Ke2 Rc3 39. h6 gxh6
40. Rxh6 Rxc4 41. Kd3 Rd4+ 42. Ke3 Rd1 43. Rg6 Rh1 44. Rg7+ Kd6 45. Rg6+ Kc5
46. Rg5 Rh3+ 47. Kd2 Kd4 48. Rg4 Rh2+ 49. Kc1 c5 50. Kb2 c4 51. Rg8 Rh3 52. Rg4
c3+ 53. Kb3 Rh1 54. Rg3 Rb1+ 55. Ka3 Rb2 1-0

[Event "European Blitz Championship 2021"]
[Site "Katowice"]
[Date "2021.12.17"]
[Round "1.28"]
[White "Zajac, Karol"]
[Black "Kastelik, Adrian"]
[Result "0-1"]
[WhiteElo "1560"]
[BlackElo "2248"]
[Annotator "ChessBase"]
[PlyCount "111"]
[EventDate "2021.12.17"]
[EventType "swiss"]
[EventCountry "POL"]
[SourceTitle "playchess.com"]
[Source "ChessBase"]
[SourceQuality "1"]

1. e4 e5 2. Nf3 Nc6 3. Bb5 Nf6 4. d3 Ne7 5. O-O c6 6. Bc4 Ng6 7. a4 Be7 8. Nbd2
d5 9. exd5 cxd5 10. Bb5+ Bd7 11. Bxd7+ Qxd7 12. Re1 Qc7 13. c3 O-O 14. Nf1 Rad8
15. Qe2 Bd6 16. Ng3 Rfe8 17. Bg5 Nf4 18. Qd2 Re6 19. Nf5 h6 20. Bxf6 Rxf6 21.
Nxd6 Qxd6 22. Nxe5 d4 23. Nc4 Qd5 24. Re4 dxc3 25. bxc3 Qg5 26. g3 Nxd3 27.
Qxg5 hxg5 28. Rd1 Rd7 29. Re3 Nc5 30. Rxd7 Nxd7 31. Re8+ Kh7 32. Re7 Nb6 33.
Ne5 Nxa4 34. Nxf7 Nxc3 35. Nxg5+ Kg6 36. Nh3 Rb6 37. Nf4+ Kf6 38. Rc7 Rb1+ 39.
Kg2 Rb3 40. Rxc3 Rxc3 41. Nd5+ Ke5 42. Nxc3 a6 43. Kf3 Kd4 44. Ne4 b5 45. Nd6
Kc5 46. Ne8 a5 47. Ke4 a4 48. Kd3 g6 49. f4 Kb4 50. Nc7 Kc5 51. Ne6+ Kb4 52. h4
Ka3 53. Kc2 Ka2 54. Nd4 b4 55. g4 b3+ 56. Kc3 0-1

[Event "European Blitz Championship 2021"]
[Site "Katowice"]
[Date "2021.12.17"]
[Round "1.29"]
[White "Gumularz, Szymon"]
[Black "Lach, Mateusz"]
[Result "1-0"]
[WhiteElo "2533"]
[BlackElo "1661"]
[Annotator "RC"]
[PlyCount "67"]
[EventDate "2021.12.17"]
[EventType "swiss"]
[EventCountry "POL"]
[SourceTitle "playchess.com"]
[Source "ChessBase"]
[SourceQuality "1"]

1. e4 e6 2. d4 d5 3. Nd2 dxe4 4. Nxe4 Be7 5. Nf3 Nf6 6. Bd3 Nbd7 7. O-O Nxe4 8.
Bxe4 Nf6 9. Bd3 O-O 10. Qe2 h6 11. Bf4 b6 12. Rad1 Bb7 13. c3 Qc8 14. c4 c5 15.
d5 Bd8 16. dxe6 Qxe6 17. Qxe6 fxe6 18. Bd6 Bxf3 19. gxf3 Re8 20. Bg6 Re7 21.
Bxe7 Bxe7 22. Rfe1 Rd8 23. Rxd8+ Bxd8 24. Rxe6 Kf8 25. Kf1 Be7 26. Rc6 Bd8 27.
Rc8 Ke7 28. Ra8 Bc7 29. Rxa7 Kd6 30. Ke2 Nd7 31. b3 Bb8 32. Rb7 Kc6 33. Be4+
Kd6 34. Bf5 1-0